000
00284nam a2200121Ia 4500
008
231129s9999||||xx |||||||||||||| ||spa||
040
_b
spa
082
_a
923.1 C421ó
100
_a
Oppermann Hans
245
0
_a
Julio César
264
_a
[s.l.] : Ediciones Folio
942
_2
ddc
_c
BKS
999
_c
16276
_d
16276